Score 0/24 Timer 06:00
13 Plays Today
Candy Bar % Correct
Reese's Peanut Butter Cup
87.7%
Kit Kat
87.7%
Hershey's Milk Chocolate
87.6%
Snickers
83.4%
Milky Way
81.1%
Twix
76%
Butterfinger
71%
Almond Joy
69.7%
Mounds
64.7%
Pay Day
64.3%
3 Musketeers
62.7%
Heath
46.7%
Candy Bar % Correct
Baby Ruth
46.4%
100 Grand
32.7%
Caramello
31.1%
Mallo Cup
27.5%
Mr. Goodbar
20%
Take 5
18.9%
Whatchamacallit
17.4%
Zero
15.9%
Chunky
13.9%
Oh Henry!
8.9%
Clark
8.1%
Zagnut
8%
Remove Ads.
Support Sporcle.
Get the best of Sporcle when you Go Orange. This ad-free experience offers more features, more stats, and more fun while also helping to support Sporcle. Thank you for becoming a member.

You're not logged in!

Compare scores with friends on all Sporcle quizzes.
OR
Log In

Sporcle TV

Today on Sporcle TV


Watch our educational content, quiz creation guides, and fun videos on Sporcle TV.

Show Comments

Extras

Top Quizzes Today


Score Distribution

Paid Content

Your Account Isn't Verified!

In order to create a playlist on Sporcle, you need to verify the email address you used during registration. Go to your Sporcle Settings to finish the process.

Report this User

Report this user for behavior that violates our Community Guidelines.

Details: